000 00342nam a22001217a 4500
040 _cSK
082 _a339
100 _aCHAN BONNIVOIT; ចាន់ ប៊ុននិវត្តន៏
245 _aEconomics development; សេដ្ឋកិច្ចអភិវឌ្ឍន៏
260 _aIIC
_bCHA
_cNA
300 _a221p.
942 _cKB
999 _c8811
_d8811